000 00742nam a2200193 a 4500
001 000029068
005 20200930055318.0
008 110413s2007 sp 000 0 spa d
040 _aDO-SdBNP
_bspa
_cBNPHU
082 _axxx
_bD545
245 0 0 _aDiccionario inglés-español - español-inglés /
_ccompilador Ricard Jordana.
260 _aBarcelona, España :
_bNauta,
_c2007.
300 _a241, 188 p. ;
_c29 cm.
490 1 _aAlfa nauta
500 _aPáginas opuestas con numeración repetida.
505 2 _tAbreviaturas --
_tTabla de símbolos fonéticos --
_tNotas para el uso del diccionario --
_tDiccionario inglés-español --
_tDiccionario español- inglés
700 1 _aJordana, Ricard,
_ecomp.
_955971
830 0 _aAlfa nauta
_924631
999 _c28560
_d28560